| 000 | 00907nas a2200265 4500 | ||
|---|---|---|---|
| 001 | BR0801974 | ||
| 003 | BR-BrBNA | ||
| 005 | 20231205111851.0 | ||
| 007 | ta | ||
| 008 | 230509b bl.|||p| |||| 00| 00por d | ||
| 040 |
_aBR-BrBNA _bpor _cBiblioteca Nacional de Agricultura |
||
| 041 | _a(Pt) | ||
| 072 | _aF60; F01 | ||
| 100 | 1 | _aRosa, B. | |
| 100 | 1 | _aBorges, A.J.S. | |
| 245 | 1 | _aComposição química e rendimento do capim andropogon (Andropogon gayanus var. bisquamulatus cv. Planaltina)em diferentes idades de corte | |
| 650 | _aCAPIM ANDROPOGON | ||
| 650 | _aCOMPOSIÇÃO QUÍMICA | ||
| 650 | _aRENDIMENTO | ||
| 650 | _aMATÉRIA SECA | ||
| 650 | _aFENO | ||
| 773 | 0 |
_tAnais da Escola de Agronomia e Veterinária - Universidade Federal de Goiás (Brazil) _xISSN 0100-218X _g(Jan-Dec 1987), v. 17(1) p. 49-58 _wBR0801974 |
|
| 909 |
_a202311 _bLúcia _c55 _dLúcia Elande |
||
| 942 |
_2AGRIS _n0 _cANA |
||
| 999 |
_c194873 _d194873 |
||